[Event "Coupe de la Federation (R)"]
[Site "?"]
[Date "2002.??.??"]
[Round "1"]
[White "Billiard, Bernard"]
[Black "Maillet, Patrice"]
[Result "1-0"]
[WhiteElo "1699"]
[BlackElo "1620"]
[PlyCount "39"]
[EventDate "2002.??.??"]

1. e4 e6 2. d4 d5 3. Nc3 Nf6 4. Bg5 dxe4 5. Nxe4 Be7 6. Bxf6 Bxf6 7. Nf3 Nd7 8.
Bd3 b6 9. Qe2 Bb7 10. O-O Qe7 11. Rad1 Rd8 12. Rfe1 c5 13. dxc5 Nxc5 14. Bb5+
Nd7 15. Nd6+ Kf8 16. Nxb7 Rb8 17. Rxd7 Qb4 18. c3 Qf4 19. g3 Qf5 20. Nd6 1-0

[Event "Coupe de la Federation (R)"]
[Site "?"]
[Date "2002.??.??"]
[Round "1"]
[White "Brasseur, Franck"]
[Black "Baud, Antoine"]
[Result "0-1"]
[WhiteElo "1550"]
[BlackElo "1650"]
[PlyCount "94"]
[EventDate "2002.??.??"]

1. b3 e5 2. Bb2 Nc6 3. e3 d5 4. Bb5 Bd6 5. Nf3 Qe7 6. O-O Bd7 7. Nc3 Nf6 8. Re1
a6 9. Bxc6 Bxc6 10. Ne2 O-O-O 11. Ng3 g6 12. d4 e4 13. Ne5 Be8 14. Rc1 Nd7 15.
Nxd7 Rxd7 16. c4 Qe6 17. c5 Be7 18. Re2 c6 19. Rec2 f5 20. Ne2 g5 21. b4 Rc7
22. a4 Rf8 23. Nc3 f4 24. b5 cxb5 25. axb5 axb5 26. Nxb5 Bxb5 27. Qd2 fxe3 28.
fxe3 Qf6 29. Qe1 g4 30. Ra1 Ba6 31. Ba3 Rc6 32. Rb2 Bd8 33. Qb1 Bc7 34. Bb4 Bd3
35. Ra8+ Kd7 36. Rxf8 Qxf8 37. Qd1 Qh6 38. Qxg4+ Ke7 39. g3 Qxe3+ 40. Rf2 Qh6
41. Bd2 e3 42. Bxe3 Qxe3 43. Qg7+ Kd8 44. Qg8+ Kd7 45. Qg7+ Kc8 46. Qg8+ Bd8
47. Qxd5 Qe1+ 0-1

[Event "Coupe de la Federation (R)"]
[Site "?"]
[Date "2002.??.??"]
[Round "1"]
[White "Berthelot, Pascal"]
[Black "Cherrid, Jean-Michel"]
[Result "1-0"]
[WhiteElo "1670"]
[BlackElo "1530"]
[PlyCount "65"]
[EventDate "2002.??.??"]

1. e4 c5 2. Nf3 d6 3. d4 cxd4 4. Nxd4 Nf6 5. Bd3 b6 6. O-O Bb7 7. Re1 Nbd7 8.
Nc3 a6 9. f4 e5 10. Nf5 Nc5 11. fxe5 dxe5 12. Bg5 g6 13. Ng3 b5 14. Qf3 Qd4+
15. Kh1 Nh5 16. Nxh5 gxh5 17. Rf1 Qd7 18. Qf6 Rg8 19. Qxe5+ Ne6 20. Bf6 Bd6 21.
Qf5 Rc8 22. Nd5 Nc5 23. Qxh7 Qg4 24. Rf2 Qg6 25. Qxg6 Rxg6 26. Bh4 Be5 27. Bf6
Bxf6 28. Nxf6+ Ke7 29. Nxh5 Nxe4 30. Bxe4 Bxe4 31. Re1 Re6 32. Nf4 Bxg2+ 33.
Nxg2 1-0

[Event "Coupe de la Federation (R)"]
[Site "?"]
[Date "2002.??.??"]
[Round "1"]
[White "Nyd, Christopher"]
[Black "Kizilian, Emmanuel"]
[Result "0-1"]
[WhiteElo "1530"]
[BlackElo "1640"]
[PlyCount "63"]
[EventDate "2002.??.??"]

1. d4 e6 2. c4 b6 3. e4 Bb7 4. Bd3 c5 5. d5 Qc7 6. Nf3 Ne7 7. Nc3 a6 8. Be3 Ng6
9. Qb3 d6 10. O-O e5 11. Qc2 h6 12. a4 Nd7 13. b3 Be7 14. Rfb1 a5 15. Nb5 Qc8
16. h3 Ba6 17. Nc3 O-O 18. Re1 Nf6 19. Reb1 Nh5 20. Qd2 Nhf4 21. Qc2 Kh8 22.
Re1 Bd8 23. Reb1 Nxd3 24. Qxd3 Ne7 25. g4 h5 26. Nd2 hxg4 27. hxg4 Qxg4+ 28.
Kf1 Ng6 29. f3 Qh3+ 30. Ke1 Nh4 31. Kd1 Nxf3 32. Kc2 0-1

[Event "Coupe de la Federation (R)"]
[Site "?"]
[Date "2002.??.??"]
[Round "1"]
[White "Pareux, Marc"]
[Black "Gillard, Sandrine"]
[Result "1-0"]
[WhiteElo "1580"]
[BlackElo "1740"]
[PlyCount "54"]
[EventDate "2002.??.??"]

1. d4 d5 2. e4 dxe4 3. Nc3 Nf6 4. f3 exf3 5. Nxf3 g6 6. Bc4 Bg7 7. O-O O-O 8.
Bg5 Nc6 9. Ne2 Ne4 10. Bh4 Qd6 11. c3 e5 12. Qe1 exd4 13. Rd1 Qc5 14. Nexd4 Nd6
15. Bb3 Re8 16. Qf2 Nxd4 17. Nxd4 Bxd4 18. Rxd4 Be6 19. Bxe6 Rxe6 20. Kh1 Nf5
21. Bg5 Qe5 22. Bf4 Qg7 23. Rd7 b5 24. Rfd1 Nd6 25. Rxc7 Ne4 26. Qf3 g5 27.
Bxg5 Nxg5 1-0

[Event "Coupe de la Federation (R)"]
[Site "?"]
[Date "2002.??.??"]
[Round "1"]
[White "Francon, Thierry"]
[Black "Djouder, Larbi"]
[Result "0-1"]
[WhiteElo "1670"]
[BlackElo "1499"]
[PlyCount "94"]
[EventDate "2002.??.??"]

1. e4 e5 2. Nf3 Nc6 3. d4 exd4 4. Bc4 Nf6 5. O-O d5 6. exd5 Nxd5 7. Re1+ Be7 8.
Nxd4 Nxd4 9. Qxd4 Nf6 10. Qxd8+ Kxd8 11. Bg5 Bd7 12. Nc3 h6 13. Bf4 c6 14. Rad1
g5 15. Bc7+ Ke8 16. Bd6 Be6 17. Bxe7 Kxe7 18. Bxe6 fxe6 19. Re2 Kf7 20. Rde1
Rhe8 21. Kf1 Nd5 22. Ne4 Rad8 23. Nc5 Nf4 24. Re3 b6 25. g3 Nd5 26. Nxe6 Nxe3+
27. Rxe3 Rxe6 28. Rf3+ Rf6 29. Re3 Re8 30. Rd3 Rfe6 31. Rd7+ R8e7 32. Rd2 Re1+
33. Kg2 Ra1 34. a3 Rb1 35. b3 Ke8 36. Rd6 h5 37. Rxc6 Ree1 38. Kf3 g4+ 39. Kf4
Rh1 40. Rc7 Rxh2 41. Rxa7 Rxf2+ 42. Kg5 Rbf1 43. Kxh5 Rf7 44. Ra8+ Ke7 45. Ra7+
Kf6 46. Rxf7+ Kxf7 47. Kxg4 Rc1 0-1

Rxc2 0-1

[Event "Coupe de la Federation (R)"]
[Site "?"]
[Date "2002.??.??"]
[Round "1"]
[White "Doran, Niall"]
[Black "Martin, Jean-Yves"]
[Result "0-1"]
[WhiteElo "1499"]
[BlackElo "1499"]
[PlyCount "120"]
[EventDate "2002.??.??"]

1. e4 d6 2. d4 Nf6 3. Nc3 g6 4. Bg5 c6 5. Be2 Bg7 6. e5 Nd5 7. Qd2 O-O 8. Nf3
Qc7 9. Bh6 Nd7 10. Bxg7 Kxg7 11. Nxd5 cxd5 12. exd6 Qxd6 13. O-O-O Nf6 14. Ne5
Bf5 15. Bd3 Ne4 16. Qe2 Rac8 17. f3 Nc3 18. bxc3 Qa3+ 19. Kb1 Bxd3 20. Rxd3
Rxc3 21. Rxc3 Qxc3 22. Nd7 Rc8 23. Qe5+ Kg8 24. Qe1 Qxc2+ 25. Ka1 Rc4 26. Qb1
b6 27. Qxc2 Rxc2 28. g4 Rd2 29. Re1 e6 30. Rc1 Rxd4 31. g5 Rc4 32. Rxc4 dxc4
33. Kb2 Kg7 34. Kc3 b5 35. a3 h6 36. gxh6+ Kxh6 37. Ne5 Kg7 38. Kd4 f6 39. Nc6
a6 40. Kc5 c3 41. Nd4 e5 42. Nc2 f5 43. Kb4 Kf6 44. Kxc3 e4 45. f4 g5 46. fxg5+
Kxg5 47. Kd4 Kg4 48. Ke5 a5 49. h4 b4 50. a4 b3 51. Na3 e3 52. Nc4 e2 53. Ne3+
Kxh4 54. Ng2+ Kg3 55. Ne1 f4 56. Kd4 b2 57. Kd3 b1=Q+ 58. Kxe2 Qe4+ 59. Kf1 Qe3
60. Ng2 Qf2# 0-1

[Event "Coupe de la Federation (R)"]
[Site "?"]
[Date "2002.??.??"]
[Round "1"]
[White "Durbet, Philippe"]
[Black "Roncin, Cesar"]
[Result "1-0"]
[WhiteElo "1480"]
[BlackElo "1640"]
[PlyCount "53"]
[EventDate "2002.??.??"]

1. d4 Nf6 2. c4 g6 3. Nc3 Bg7 4. Bg5 d6 5. Nf3 O-O 6. e3 c5 7. Be2 Nc6 8. O-O
a6 9. Rc1 Rb8 10. Bf4 Qb6 11. Na4 Qa7 12. dxc5 e5 13. Bg3 Ne4 14. cxd6 Rd8 15.
c5 b5 16. cxb6 Rxb6 17. Nxb6 Qxb6 18. Qc2 Nxg3 19. hxg3 Rxd6 20. Ng5 Bb7 21.
Ne4 Rd8 22. Nc5 Rc8 23. Nxb7 Qxb7 24. Bf3 Qd7 25. Bxc6 Qe6 26. Qa4 a5 27. Bd7
1-0

[Event "Coupe de la Federation (R)"]
[Site "?"]
[Date "2002.??.??"]
[Round "1"]
[White "Chambon, Guy"]
[Black "Breha, Guillaume"]
[Result "0-1"]
[WhiteElo "1580"]
[BlackElo "1660"]
[PlyCount "76"]
[EventDate "2002.??.??"]

1. e4 c5 2. Nc3 a6 3. Nf3 d6 4. h3 Nf6 5. d3 e6 6. Bd2 Be7 7. Qe2 Nc6 8. a3 b5
9. g4 Bb7 10. Bg2 Qc7 11. Rg1 Nd7 12. g5 Nde5 13. O-O-O Nxf3 14. Qxf3 Nd4 15.
Qh5 g6 16. Qg4 a5 17. Na2 e5 18. Rde1 Bc8 19. Qd1 Be6 20. Kb1 a4 21. f4 Rb8 22.
fxe5 dxe5 23. Ka1 b4 24. Rgf1 bxa3 25. bxa3 c4 26. Nb4 Bxb4 27. Bxb4 c3 28. Rf6
Nc6 29. Bxc3 O-O 30. Qd2 Rfc8 31. Rc1 Qd6 32. Bb4 Nxb4 33. axb4 Rxb4 34. c4
Rbxc4 35. Rxc4 Rxc4 36. Kb1 Rb4+ 37. Kc1 Qc5+ 38. Kd1 a3 0-1

[Event "Coupe de la Federation (R)"]
[Site "?"]
[Date "2002.??.??"]
[Round "1"]
[White "Abli-Bouyo, Sim"]
[Black "Lanoe, Brendan"]
[Result "1-0"]
[WhiteElo "1500"]
[BlackElo "1610"]
[PlyCount "53"]
[EventDate "2002.??.??"]

1. d4 d5 2. c4 c6 3. Nc3 e6 4. Nf3 Nd7 5. e4 dxe4 6. Nxe4 h6 7. Bd3 Qc7 8. O-O
Nb6 9. Be3 f5 10. Nc3 f4 11. Bd2 Ne7 12. Ne5 g5 13. Qh5+ Kd8 14. Nf7+ Kd7 15.
Nxh8 Bg7 16. Ng6 Ng8 17. Ne5+ Bxe5 18. Qf7+ Ne7 19. dxe5 Qxe5 20. Rfe1 Qd6 21.
Rad1 Kc7 22. Bf1 Qc5 23. Ne4 Qf5 24. Qxe7+ Bd7 25. Qd6+ Kc8 26. Bb4 Be8 27.
Qd8# 1-0

[Event "Coupe de la Federation (R)"]
[Site "?"]
[Date "2002.??.??"]
[Round "1"]
[White "Perrot, Pierre"]
[Black "Fazekas, Sylvain"]
[Result "0-1"]
[WhiteElo "1710"]
[BlackElo "1499"]
[PlyCount "60"]
[EventDate "2002.??.??"]

1. d4 Nf6 2. c4 c5 3. d5 g6 4. b3 Bg7 5. Bb2 O-O 6. Nf3 d6 7. e3 Bf5 8. Bd3 Bg4
9. h3 Bd7 10. e4 a6 11. e5 Nh5 12. O-O Qc8 13. Re1 Nf4 14. Bf1 Nxh3+ 15. gxh3
Bxh3 16. Nh2 h5 17. Qf3 Bxf1 18. Kxf1 Nd7 19. Qe4 Nxe5 20. Nd2 Qh3+ 21. Kg1 f5
22. Qc2 f4 23. Bxe5 Rf5 24. Ndf3 dxe5 25. Rad1 Raf8 26. d6 exd6 27. Rxd6 g5 28.
Qe4 g4 29. Nd2 f3 30. Ndf1 Qg2# 0-1

[Event "Coupe de la Federation (R)"]
[Site "?"]
[Date "2002.??.??"]
[Round "1"]
[White "Francois, Michel"]
[Black "Fantin, Jacques"]
[Result "1/2-1/2"]
[WhiteElo "1510"]
[BlackElo "1560"]
[PlyCount "80"]
[EventDate "2002.??.??"]

1. d4 d5 2. c4 c6 3. Nf3 Nf6 4. Nc3 Bg4 5. e3 g6 6. h3 Bxf3 7. Qxf3 Bg7 8. Bd3
O-O 9. O-O Re8 10. cxd5 Nxd5 11. Bc4 e6 12. Rd1 Nd7 13. e4 N5b6 14. Bb3 Qf6 15.
Qg3 h6 16. f4 Qe7 17. Be3 Rad8 18. Rac1 Kh7 19. Na4 Nc8 20. Nc5 Nxc5 21. Rxc5
Nb6 22. Qf2 Nd7 23. Rcc1 Nf6 24. Qc2 Kh8 25. e5 Nd5 26. Bxd5 Rxd5 27. Qa4 Ra8
28. Rc5 b5 29. Qa6 Rxc5 30. dxc5 Rd8 31. Rd6 Qh4 32. Bf2 Qe7 33. Qxc6 g5 34. g3
gxf4 35. gxf4 Bxe5 36. fxe5 Qg5+ 37. Kf1 Qc1+ 38. Be1 Qf4+ 39. Bf2 Qc1+ 40. Be1
Qf4+ 1/2-1/2

[Event "Coupe de la Federation (R)"]
[Site "?"]
[Date "2002.??.??"]
[Round "1"]
[White "Mazet, Pascal"]
[Black "Hurault, Frederic"]
[Result "1-0"]
[WhiteElo "1670"]
[BlackElo "1180"]
[PlyCount "73"]
[EventDate "2002.??.??"]

1. b4 c6 2. Bb2 Nf6 3. e3 g6 4. Nf3 Bg7 5. Be2 d5 6. d3 O-O 7. O-O a5 8. a3 Bf5
9. Nbd2 Nbd7 10. c4 Qc7 11. cxd5 cxd5 12. b5 Nc5 13. Rc1 b6 14. d4 Nfe4 15. Ba1
Qd6 16. dxc5 Nxc5 17. Bxg7 Kxg7 18. Nb3 Rac8 19. Nxc5 Rxc5 20. Qd4+ f6 21. Rxc5
bxc5 22. Qb2 e5 23. Rd1 e4 24. Nd2 d4 25. Nc4 Qd7 26. exd4 Qe6 27. dxc5 Bg4 28.
Bxg4 Qxg4 29. Ne3 Qg5 30. c6 h5 31. h3 Rb8 32. Rd7+ Kf8 33. a4 h4 34. Qa3+ Kg8
35. Qe7 Qh6 36. c7 Rf8 37. Rd8 1-0

[Event "Coupe de la Federation (R)"]
[Site "?"]
[Date "2002.??.??"]
[Round "1"]
[White "Thevenet, Quentin"]
[Black "Chabas, Jean-Luc"]
[Result "0-1"]
[WhiteElo "1240"]
[BlackElo "1580"]
[PlyCount "80"]
[EventDate "2002.??.??"]

1. e4 e5 2. Nf3 Nc6 3. Bc4 Nf6 4. Nc3 d6 5. d3 h6 6. Be3 Be7 7. O-O O-O 8. d4
exd4 9. Nxd4 Bd7 10. Nxc6 Bxc6 11. Bd5 Qd7 12. Bxc6 Qxc6 13. Nd5 Rfe8 14. Nxf6+
Bxf6 15. Bd4 Bxd4 16. Qxd4 Rxe4 17. Qc3 Rc4 18. Qb3 Rxc2 19. Rfe1 Qc5 20. Rf1
Re8 21. Qa3 Qb6 22. Qb3 Rxb2 23. Qxb6 Rxb6 24. Rfc1 Re7 25. Rab1 Rxb1 26. Rxb1
Kf8 27. h4 c6 28. g4 b6 29. Kg2 c5 30. Rd1 Re6 31. f4 Ke7 32. g5 hxg5 33. hxg5
Kd7 34. Kg3 Kc6 35. f5 Re5 36. Kf4 c4 37. f6 g6 38. Rh1 c3 39. Rh3 c2 40. Rc3+
Rc5 0-1

[Event "Coupe de la Federation (R)"]
[Site "?"]
[Date "2002.??.??"]
[Round "1"]
[White "Lestra, Franck"]
[Black "Landau, Yves"]
[Result "1-0"]
[WhiteElo "1530"]
[BlackElo "1530"]
[PlyCount "95"]
[EventDate "2002.??.??"]

1. d4 d5 2. c4 dxc4 3. e3 e5 4. Bxc4 exd4 5. Nf3 Nf6 6. O-O Be7 7. exd4 O-O 8.
Be3 c6 9. Nc3 Bg4 10. h3 Bh5 11. Be2 Nbd7 12. Rc1 Nb6 13. Nh2 Bg6 14. Nf3 Nbd5
15. Bg5 Re8 16. Ne5 Nxc3 17. bxc3 Nd7 18. Bxe7 Rxe7 19. Nxg6 hxg6 20. Bf3 Qa5
21. Qb3 Nb6 22. Rfe1 Rae8 23. Rxe7 Rxe7 24. a3 Qa4 25. Qb4 Qxb4 26. axb4 Nc4
27. g3 Kf8 28. Ra1 a6 29. d5 cxd5 30. Bxd5 Rc7 31. Rc1 Ke7 32. Bg2 Rd7 33. Bf1
Nd2 34. Bg2 Nc4 35. h4 b6 36. Bf1 b5 37. Bxc4 bxc4 38. Ra1 Rd3 39. Ra3 Kd7 40.
Kf1 Ke6 41. Rxa6+ Kf5 42. Ra3 g5 43. hxg5 Kxg5 44. b5 Kf6 45. b6 Rd8 46. Ke1
Rb8 47. Ra6 Ke7 48. Ra7+ 1-0

[Event "Coupe de la Federation (R)"]
[Site "?"]
[Date "2002.??.??"]
[Round "1"]
[White "Vauchot, Joseph"]
[Black "Valet, Godeffroy"]
[Result "0-1"]
[WhiteElo "1370"]
[BlackElo "1500"]
[PlyCount "88"]
[EventDate "2002.??.??"]

1. e4 e6 2. d3 d5 3. e5 c5 4. c3 Nc6 5. Nf3 Qb6 6. b3 d4 7. Bb2 Nge7 8. Be2 Ng6
9. O-O Ngxe5 10. Re1 Bd6 11. Nbd2 O-O 12. Ne4 Bb8 13. Qd2 f5 14. Nxe5 Nxe5 15.
Ng3 Qc7 16. cxd4 cxd4 17. Bxd4 f4 18. Nh5 f3 19. Bf1 Nc4 20. Be5 Nxe5 21. Qg5
Ng6 22. Ng3 Rf5 23. Qe3 Rf7 24. d4 Nh4 25. Bc4 Nxg2 26. Qe4 Nxe1 27. Rxe1 Qd6
28. Bd3 g6 29. d5 Qxd5 30. Qe3 Bf4 31. Qe4 Qxe4 32. Bxe4 Rc7 33. Bxf3 e5 34.
Bd5+ Kg7 35. Ne4 Bh3 36. Nd6 Rd8 37. Bg2 Bxg2 38. Kxg2 Rxd6 39. Re2 Rd2 40.
Rxd2 Bxd2 41. f3 Rc2 42. a4 Bf4+ 43. Kh3 Rxh2+ 44. Kg4 h5# 0-1

[Event "Coupe de la Federation (R)"]
[Site "?"]
[Date "2002.??.??"]
[Round "1"]
[White "Barthelemy, Jerome"]
[Black "Cherrid, Francois"]
[Result "1/2-1/2"]
[WhiteElo "1400"]
[BlackElo "1410"]
[PlyCount "64"]
[EventDate "2002.??.??"]

1. d4 d5 2. c4 c6 3. Nc3 Nf6 4. Bg5 Nbd7 5. Rc1 g6 6. Qd2 Bg7 7. Bh6 O-O 8. Nf3
Ng4 9. Bxg7 Kxg7 10. h3 Ngf6 11. g4 e6 12. h4 Nxg4 13. h5 Ndf6 14. hxg6 fxg6
15. Ne5 h5 16. Qg5 Nxe5 17. Qxe5 Kh7 18. Bh3 Qe7 19. Qg5 Qg7 20. Qg3 Kg8 21.
Rg1 Kh7 22. Rd1 Ne4 23. Nxe4 dxe4 24. Bg2 Rd8 25. Bxe4 Rg8 26. Rh1 Kh8 27. e3
Bd7 28. Ke2 Raf8 29. Rdg1 Rf6 30. Bf3 Rf5 31. Be4 Rf6 32. Bf3 Rf5 1/2-1/2

[Event "Coupe de la Federation (R)"]
[Site "?"]
[Date "2002.??.??"]
[Round "1"]
[White "Dumont, Quentin"]
[Black "Boudignon, Jacques"]
[Result "0-1"]
[WhiteElo "1270"]
[BlackElo "1360"]
[PlyCount "70"]
[EventDate "2002.??.??"]

1. e4 e5 2. Nf3 Nc6 3. Bc4 Nf6 4. d3 Be7 5. Nc3 O-O 6. Bg5 b6 7. Bxf6 Bxf6 8.
Nd5 Na5 9. b3 Rb8 10. d4 b5 11. Bd3 exd4 12. b4 Nc6 13. Qe2 a6 14. e5 Re8 15.
Rb1 Nxe5 16. Nxe5 Rxe5 17. Be4 Qe8 18. Nxc7 Qe7 19. Nd5 Qd6 20. c4 bxc4 21.
Qxc4 Rxe4+ 22. Kd2 Bb7 23. Nc7 Qf4+ 24. Kd3 Rc8 25. g3 Qf3+ 26. Kd2 Qxf2+ 27.
Kd1 Qf3+ 28. Kd2 Bg5+ 29. Kc2 Re2+ 30. Kd1 Qxh1+ 31. Kxe2 Qxb1 32. Kf2 Qb2+ 33.
Ke1 Qd2+ 34. Kf1 Bg2+ 35. Kg1 Be3# 0-1

[Event "Coupe de la Federation (R)"]
[Site "?"]
[Date "2002.??.??"]
[Round "2"]
[White "Breha, Guillaume"]
[Black "Billiard, Bernard"]
[Result "0-1"]
[WhiteElo "1660"]
[BlackElo "1699"]
[PlyCount "98"]
[EventDate "2002.??.??"]

1. e4 c5 2. Nf3 g6 3. c3 Bg7 4. d4 cxd4 5. cxd4 Nf6 6. e5 Nd5 7. Nc3 Nxc3 8.
bxc3 d6 9. exd6 Qxd6 10. Be3 O-O 11. Bc4 Qc7 12. Qd3 Bf5 13. Qe2 Rc8 14. Nd2
Nc6 15. Rc1 e5 16. Nf3 Bg4 17. Qd2 Bxf3 18. gxf3 exd4 19. cxd4 Qe7 20. O-O Rd8
21. Rfe1 Qd6 22. Rcd1 Rac8 23. Bf4 Qxd4 24. Qc1 Qf6 25. Rxd8+ Qxd8 26. Rd1 Nd4
27. Kg2 b5 28. Bg5 Qd7 29. Bxf7+ Kxf7 30. Qf4+ Qf5 31. Qxf5+ gxf5 32. h4 b4 33.
Be3 Rc4 34. Bxd4 Bxd4 35. Rb1 a5 36. Kf1 a4 37. Ke2 Bc3 38. Kd3 Rd4+ 39. Ke2
Rxh4 40. Rd1 Rd4 41. Rb1 h5 42. Rc1 h4 43. a3 h3 44. axb4 Bxb4 45. Ke3 Rh4 46.
f4 h2 47. Rh1 a3 48. Kf3 Be7 49. Kg2 Bf6 0-1

[Event "Coupe de la Federation (R)"]
[Site "?"]
[Date "2002.??.??"]
[Round "2"]
[White "Baud, Antoine"]
[Black "Abli-Bouyo, Sim"]
[Result "0-1"]
[WhiteElo "1650"]
[BlackElo "1500"]
[PlyCount "78"]
[EventDate "2002.??.??"]

1. c4 Nf6 2. Nc3 c5 3. b3 e6 4. g3 Be7 5. Bg2 O-O 6. e3 Nc6 7. Nge2 b6 8. d4
Rb8 9. d5 exd5 10. cxd5 Nb4 11. d6 Bxd6 12. a3 Be5 13. axb4 cxb4 14. Rxa7 bxc3
15. f4 Bc7 16. Nxc3 b5 17. O-O Re8 18. Ne2 Bb6 19. Nd4 Bxa7 20. Nc2 Bb7 21. Kh1
Bxg2+ 22. Kxg2 Qc7 23. Qd3 b4 24. Bb2 Qc6+ 25. Kh3 Qe4 26. Rd1 Qxd3 27. Rxd3
Rec8 28. Ne1 Rb7 29. Nf3 Ne4 30. Rd5 Bxe3 31. Re5 Nf2+ 32. Kh4 Ba7 33. Rd5 f6
34. Bd4 Bxd4 35. Nxd4 Ne4 36. f5 Rc2 37. Kh3 Rd2 38. Ra5 Rd3 39. Ra2 Nd2 0-1

[Event "Coupe de la Federation (R)"]
[Site "?"]
[Date "2002.??.??"]
[Round "2"]
[White "Fazekas, Sylvain"]
[Black "Berthelot, Pascal"]
[Result "0-1"]
[WhiteElo "1499"]
[BlackElo "1670"]
[PlyCount "86"]
[EventDate "2002.??.??"]

1. e4 e5 2. Nf3 d6 3. Nc3 Be7 4. Bc4 Nf6 5. d3 O-O 6. O-O Nc6 7. Nd5 Na5 8.
Nxe7+ Qxe7 9. Bb5 a6 10. Ba4 b5 11. Qe1 bxa4 12. Qxa5 Qd7 13. Nh4 Rb8 14. f4
Re8 15. f5 h6 16. Rf3 Rb6 17. Qd2 d5 18. Qe2 dxe4 19. dxe4 Qd4+ 20. Re3 Rd8 21.
Nf3 Qd1+ 22. Qxd1 Rxd1+ 23. Re1 Rxe1+ 24. Nxe1 Nxe4 25. Nd3 f6 26. g4 Bb7 27.
Be3 Rc6 28. c3 Rd6 29. Rd1 Ng5 30. Bxg5 hxg5 31. Kf2 e4 32. Ke3 Rxd3+ 33. Rxd3
exd3 34. Kxd3 Kf7 35. Ke3 Ke7 36. c4 Kd6 37. b3 axb3 38. axb3 Kc5 39. Kd3 Kb4
40. Kc2 Bg2 41. Kd3 Kxb3 42. Kd4 c6 43. Kc5 a5 0-1

[Event "Coupe de la Federation (R)"]
[Site "?"]
[Date "2002.??.??"]
[Round "2"]
[White "Kizilian, Emmanuel"]
[Black "Francois, Michel"]
[Result "1/2-1/2"]
[WhiteElo "1640"]
[BlackElo "1510"]
[PlyCount "116"]
[EventDate "2002.??.??"]

1. e4 c6 2. d4 d5 3. e5 Bf5 4. f4 h5 5. Nf3 e6 6. Be3 Qa5+ 7. c3 Bxb1 8. Qxb1
c5 9. dxc5 Bxc5 10. b4 Bxb4 11. Qxb4 Qxb4 12. cxb4 Nc6 13. a3 Nge7 14. Bb5 O-O
15. Bc5 Rfe8 16. Bxe7 Rxe7 17. Bxc6 bxc6 18. Rc1 a5 19. O-O axb4 20. axb4 Rb7
21. Nd4 Rxb4 22. Nxc6 Rb2 23. Rb1 Raa2 24. Rxb2 Rxb2 25. Rf3 Rb1+ 26. Kf2 Rb2+
27. Kg3 Rd2 28. Rf2 Rd3+ 29. Kh4 Rc3 30. Nd4 Rd3 31. Nf3 g6 32. Kg5 Kg7 33. Rc2
Rd1 34. Rd2 Rc1 35. Kh4 Rc4 36. g3 Rc7 37. Ng5 Rd7 38. Rd4 Rc7 39. Kh3 Rd7 40.
Kg2 Rc7 41. Rd2 Rd7 42. Kf2 Rc7 43. Ke2 Rc6 44. Kd3 f6 45. Nf3 Ra6 46. Rc2 Ra3+
47. Rc3 Rxc3+ 48. Kxc3 fxe5 49. Nxe5 Kf6 50. Nf3 Kf5 51. Nh4+ Kf6 52. Kd4 g5
53. fxg5+ Kxg5 54. Ke5 Kg4 55. Kxe6 d4 56. Nf5 d3 57. Ne3+ Kf3 58. Nd1 Kg2
1/2-1/2

[Event "Coupe de la Federation (R)"]
[Site "?"]
[Date "2002.??.??"]
[Round "2"]
[White "Chabas, Jean-Luc"]
[Black "Pareux, Marc"]
[Result "1/2-1/2"]
[WhiteElo "1580"]
[BlackElo "1580"]
[PlyCount "56"]
[EventDate "2002.??.??"]

1. e4 g6 2. d4 Bg7 3. c4 Nc6 4. Nf3 e5 5. d5 Nce7 6. Nc3 d6 7. Bd3 f5 8. Qc2
Nf6 9. Bd2 O-O 10. O-O f4 11. b4 Bg4 12. Be2 Nh5 13. Rfe1 Bh6 14. c5 g5 15.
Rac1 Ng6 16. Kh1 Nf6 17. Qd1 Bd7 18. Ng1 g4 19. Bf1 Bg7 20. Be2 h5 21. f3 Kf7
22. Rf1 Rh8 23. Rc2 Rh7 24. Be1 Qc8 25. Nb5 Bxb5 26. Bxb5 a6 27. Bc4 Bf8 28.
Bb3 Qd8 1/2-1/2

[Event "Coupe de la Federation (R)"]
[Site "?"]
[Date "2002.??.??"]
[Round "2"]
[White "Djouder, Larbi"]
[Black "Lestra, Franck"]
[Result "0-1"]
[WhiteElo "1499"]
[BlackElo "1530"]
[PlyCount "98"]
[EventDate "2002.??.??"]

1. e4 c5 2. Nf3 d6 3. d4 cxd4 4. Nxd4 Nf6 5. Nc3 g6 6. Be3 Bg7 7. Be2 O-O 8.
Qd2 Nc6 9. Rd1 Ng4 10. Nxc6 bxc6 11. Bg5 Nf6 12. O-O a5 13. f4 Qb6+ 14. Kh1
Qxb2 15. Rb1 Qa3 16. Rb3 Qc5 17. f5 Qa7 18. Be3 Qd7 19. Bd3 Ng4 20. Bb6 Ba6 21.
Rfb1 Ne5 22. Na4 Bxd3 23. cxd3 c5 24. Nc3 e6 25. a4 exf5 26. Nd5 Qxa4 27. exf5
Qd7 28. Ne3 Nc6 29. Nc4 Nd4 30. Ra3 Nxf5 31. Bxa5 Qe6 32. Rab3 Ra6 33. Bc7 h5
34. Rb7 Kh7 35. R7b6 Rfa8 36. Rxa6 Rxa6 37. Qc1 Qe2 38. Qd1 Qxd1+ 39. Rxd1 d5
40. Ne5 Kg8 41. Nf3 Rc6 42. Ba5 Nd4 43. Rf1 Ra6 44. Bc3 Nxf3 45. gxf3 Bxc3 46.
Rc1 Ra1 47. Rxa1 Bxa1 48. Kg2 Kg7 49. Kf1 Kf6 0-1

[Event "Coupe de la Federation (R)"]
[Site "?"]
[Date "2002.??.??"]
[Round "2"]
[White "Valet+/=, Godeffroy"]
[Black "Doran, Niall"]
[Result "1-0"]
[WhiteElo "1500"]
[BlackElo "1499"]
[PlyCount "57"]
[EventDate "2002.??.??"]

1. e4 e5 2. f4 Nc6 3. Nf3 d6 4. Bb5 Bd7 5. Bxc6 Bxc6 6. d3 exf4 7. Bxf4 Nf6 8.
Nc3 Qe7 9. Qd2 O-O-O 10. O-O-O g6 11. Rhe1 Bg7 12. e5 Ng4 13. exd6 Qf8 14. dxc7
Re8 15. Rxe8+ Qxe8 16. Re1 Qf8 17. h3 Nf6 18. Ne5 Nh5 19. Nxc6 bxc6 20. Bh2 Bh6
21. Re3 Bxe3 22. Qxe3 Nf6 23. Be5 Qe7 24. Qg5 Re8 25. Bxf6 Qe1+ 26. Nd1 Re2 27.
Bc3 Qf1 28. Qd8+ Kb7 29. c8=Q# 1-0

[Event "Coupe de la Federation (R)"]
[Site "?"]
[Date "2002.??.??"]
[Round "2"]
[White "Roncin, Cesar"]
[Black "Barthelemy, Jerome"]
[Result "1-0"]
[WhiteElo "1640"]
[BlackElo "1400"]
[PlyCount "79"]
[EventDate "2002.??.??"]

1. e4 c5 2. Nf3 e6 3. d4 cxd4 4. Nxd4 a6 5. a4 Nc6 6. Nb3 Qc7 7. Nc3 Nf6 8. Be2
Be7 9. O-O O-O 10. Be3 b6 11. Kh1 Bb7 12. f3 Bd6 13. Bg1 Bf4 14. Qe1 Rad8 15.
Qf2 Qe5 16. Qxb6 Rb8 17. Bxa6 Bxa6 18. Qxa6 Qh5 19. Qe2 Qh6 20. h3 Nh5 21. Bf2
Qg6 22. g4 Nf6 23. a5 h5 24. Bg1 hxg4 25. fxg4 Be5 26. Rfe1 Qh7 27. Kg2 Qg6 28.
Kf1 Rb4 29. a6 Bxc3 30. bxc3 Rxe4 31. Qf2 Qg5 32. Rxe4 Nxe4 33. Qf3 Nd2+ 34.
Nxd2 Qxd2 35. Qd3 Qf4+ 36. Bf2 Qh2 37. Qg3 Qh1+ 38. Qg1 Qe4 39. a7 Ra8 40. Qg2
1-0

[Event "Coupe de la Federation (R)"]
[Site "?"]
[Date "2002.??.??"]
[Round "2"]
[White "Gillard, Sandrine"]
[Black "Mazet, Pascal"]
[Result "0-1"]
[WhiteElo "1740"]
[BlackElo "1670"]
[PlyCount "32"]
[EventDate "2002.??.??"]

1. e4 b6 2. d4 Bb7 3. Nc3 e6 4. Nf3 Be7 5. d5 Nf6 6. dxe6 dxe6 7. Bd3 O-O 8. e5
Nd5 9. Ne4 Nd7 10. Neg5 h6 11. Nd4 Bxg5 12. Qg4 Nxe5 13. Qe4 Nxd3+ 14. Qxd3
Bxc1 15. Rxc1 Qg5 16. O-O Nf4 0-1

[Event "Coupe de la Federation (R)"]
[Site "?"]
[Date "2002.??.??"]
[Round "2"]
[White "Landau, Yves"]
[Black "Francon, Thierry"]
[Result "1-0"]
[WhiteElo "1530"]
[BlackElo "1670"]
[PlyCount "113"]
[EventDate "2002.??.??"]

1. d4 Nf6 2. c4 g6 3. Nc3 d6 4. e4 Bg7 5. f3 O-O 6. Be3 Nbd7 7. Qd2 e5 8. d5
Nh5 9. g4 Nf4 10. O-O-O c6 11. dxc6 bxc6 12. Qxd6 Qf6 13. Nge2 Qxd6 14. Rxd6
Rd8 15. Nxf4 exf4 16. Bxf4 Bb7 17. Kc2 Be5 18. Bxe5 Nxe5 19. Rxd8+ Rxd8 20. Be2
Ba6 21. b3 c5 22. Rd1 Rxd1 23. Bxd1 Nc6 24. Ne2 Nb4+ 25. Kb1 Nd3 26. Nc3 Bb7
27. Nd5 Bxd5 28. cxd5 Kf8 29. Be2 Nf4 30. Ba6 Ke7 31. Kc2 f6 32. Kc3 g5 33. Kc4
Kd6 34. Bb7 Ne2 35. Bc8 h6 36. Kb5 Nd4+ 37. Ka6 Nxf3 38. Kxa7 Nxh2 39. a4 Nxg4
40. Bxg4 Ke5 41. Kb6 Kf4 42. a5 Kxg4 43. a6 h5 44. a7 h4 45. a8=Q h3 46. Qh8
Kg3 47. Qg7 g4 48. d6 h2 49. Qh8 Kg2 50. d7 h1=Q 51. Qxh1+ Kxh1 52. d8=Q g3 53.
Qh8+ Kg1 54. Qxf6 g2 55. Qf3 Kh2 56. Qxg2+ Kxg2 57. e5 1-0